00545nam a2200193 a 4500001001300000003000900013005001700022008004100039020000900080082001800089100002700107245003500134260006000169300000900229500003500238505003100273650002000304700002700324nice12345678IN_TiNIC20260116013532.0050524s1999 newa grp 000 0 urd  ac7000a891.4393bHUS aHusain, Syed Ehteshaam aUrdu Adab Ki Tanqeedi Tareekh. aNew DelhibQaumi Council Barai Taraqi-E-Urdu Langc1999 a341p aincludes index and biblioraphy2 aGeneral Index of reference aUrdu-Literature1 aHusain, Syed Ehteshaam